Blandine-D. Berger, Madeleine Daniélou (1880-1956), Ed. du Cerf, 2002, 336 pages, 25 € (notice n° 1618913)
[ vue normale ]
| 000 -LEADER | |
|---|---|
| fixed length control field | 00499cam a2200145 4500500 |
| 005 - DATE AND TIME OF LATEST TRANSACTION | |
| control field | 20260111090437.0 |
| 041 ## - LANGUAGE CODE | |
| Language code of text/sound track or separate title | fre |
| 042 ## - AUTHENTICATION CODE | |
| Authentication code | dc |
| 100 10 - MAIN ENTRY--PERSONAL NAME | |
| Personal name | Salin, Dominique |
| Relator term | author |
| 245 00 - TITLE STATEMENT | |
| Title | Blandine-D. Berger, Madeleine Daniélou (1880-1956), Ed. du Cerf, 2002, 336 pages, 25 € |
| 260 ## - PUBLICATION, DISTRIBUTION, ETC. | |
| Date of publication, distribution, etc. | 2003.<br/> |
| 500 ## - GENERAL NOTE | |
| General note | 26 |
| 786 0# - DATA SOURCE ENTRY | |
| Note | Études | 398 | 1 | 2003-01-01 | p. 123zq-143zq | 0014-1941 |
| 856 41 - ELECTRONIC LOCATION AND ACCESS | |
| Uniform Resource Identifier | <a href="https://shs.cairn.info/revue-etudes-2003-1-page-123zq?lang=fr&redirect-ssocas=7080">https://shs.cairn.info/revue-etudes-2003-1-page-123zq?lang=fr&redirect-ssocas=7080</a> |
Pas d'exemplaire disponible.




Réseaux sociaux